000 00341nam a2200133Ia 4500
008 230917s9999||||xx |||||||||||||| ||und||
040 _e91620
_aMAIN
041 _aEnglish
082 _a910.133054558 Y11S
100 _aYadav, Kalu Ram
245 0 _aSocial and economic deprivation in southern Haryana 1981
300 _a61 p.
942 _cTH
999 _c50366
_d50366